History Quiz

Random History Quiz

Teddy Roosevelt Quiz Stats

 Plays Quiz not verified by Sporcle

Challenge
Share
Tweet
Embed
Score 0/10 Timer 10:00
0 Plays Today
% Correct
Rough Riders
60%
Panama Canal
45%
Bull Moose
45%
26
30%
Republican
20%
Big Stick
15%
Africa
10%
William McKinley
5%
Battle of San Juan
0%
Corollary
0%

You're not logged in!

Compare scores with friends on all Sporcle quizzes.
Join for Free
OR
Log In

You Might Also Like...

Show Comments

Extras

Created Dec 20, 2013ReportNominate
Tags:much, roosevelt, teddy

Top Quizzes Today


Score Distribution

Your Account Isn't Verified!

In order to create a playlist on Sporcle, you need to verify the email address you used during registration. Go to your Sporcle Settings to finish the process.

Report this User

Report this user for behavior that violates our Community Guidelines.

Details: